000 00741nam a2200289Ia 4500
005 20260324112251.0
008 008 260324s9999 xx 000 0 eng d
020 _a9781003410645
037 _aEBOOK
040 _aCRL
040 _beng
040 _cCRL
041 _2eng
041 _aeng
084 _qCRL
100 _aMarshall Haning; Jocelyn A. Stevens; Brian N. Weidner
_91141983
245 0 _aPoints of Disruption in the Music Education Curriculum, Volume 1
245 0 _bSystemic Changes
260 _bTaylor and Francis
260 _c2024
365 _a
365 _b83.99
856 _uhttp://www.taylorfrancis.com/books/9781003410645
942 _cEBOOK
999 _c1731131
_d1731131